Albert Schweitzer život a dielo
Na minha lista:
| Autor principal: | |
|---|---|
| Formato: | Livro |
| Idioma: | eslovaco |
| Publicado em: |
Bratislava
Obzor
1983
|
| Colecção: | Postavy a osudy
|
| Tags: |
Sem tags, seja o primeiro a adicionar uma tag!
|
MARC
| LEADER | 00000nam a2200000 4500 | ||
|---|---|---|---|
| 001 | c132114 | ||
| 005 | 20250522122713.9 | ||
| 041 | 0 | |a slo | |
| 044 | |a SK | ||
| 245 | 1 | 0 | |a Albert Schweitzer |b život a dielo |c Paul Herbert Freyer |
| 264 | 1 | |a Bratislava |b Obzor |c 1983 | |
| 300 | |a 222 s. | ||
| 490 | 1 | |a Postavy a osudy | |
| 830 | 0 | |a Postavy a osudy | |
| 100 | 1 | |a Freyer, Paul Herbert | |